00291nam a2200121Ia 4500008004100000041000800041082001200049100001700061245001200078260004600090300002400136365000900160240624s9999 xx 000 0 und d aeng a823 HAR aHARRISON KIM aUNBOUND c2009aNew YorkbHarper Collins Publishers a358 : p. : cm. ; 17 cb20